01651nam a2200289 a 450000100100000000500170001000800410002702000180006804000250008608200150011110000420012624501230016826000430029130000190033449000720035350001220042550000800054750001380062759000260076571000610079170000530085283000790090595201280098495201130111295201190122599900170134400004670620201002053048.0180320s2015 dr r 000 0 spa d a9789945900415 aDO-SdBNPbspacBNPHU axxxxbI37m1 aIncháustegui, María Isabel92956810aMódulo 1. Taller 3. Textos funcionales : documentos personales, listas y rótulos /cMaría Isabel Incháustegui. aSanto Domingo :bMINERD ;bOEI,c2015. a21p. ;c28 cm.1 aDesarrollo profesional docente, enseñanza de la lengua española aPolítica de apoyo a los aprendizajes de los primeros grados de nivel primario en lectura, escritura y matemática. aRegional educativa 05 San Pedro de Macorís, 12 Higüey, y 17 Monte Plata aA la cabeza del título: Desarrollo Profesional Docente. Capacitación de Docentes para la Enseñanza de la Lectura y la Escritura aInventariado, 2018/BT1 aRepública DominicanabMinisterio de Educación94310012aOrganización de Estados Iberoamericanos974658 0aDesarrollo profesional docente, enseñanza de la lengua española974659 001054708DSaGRbGRcHDd2018-03-20iLF1l0oxxxx I37mp46706-30r2020-06-25te. 3w2020-06-25yLFDSZPréstamo en sala 0010718PDaPDbPDcHDd2018-03-20iLF1l0oxxxx I37mp46706-10r2020-06-25w2020-06-25yLFPDZNo se presta 0010718PDaPDbPDcHDd2018-03-20iLF1l0oxxxx I37mp46706-20r2020-06-25te. 2w2020-06-25yLFPDZNo se presta c46195d46195